<?xml version="1.0" encoding="UTF-8"?>
<record
    xmlns:xsi="http://www.w3.org/2001/XMLSchema-instance"
    xsi:schemaLocation="http://www.loc.gov/MARC21/slim http://www.loc.gov/standards/marcxml/schema/MARC21slim.xsd"
    xmlns="http://www.loc.gov/MARC21/slim">

  <leader>01011nam a22002417a 4500</leader>
  <controlfield tag="003">KOHA_M&#x130;RAKIL</controlfield>
  <controlfield tag="005">20260325132827.0</controlfield>
  <controlfield tag="008">260325b        tu ||||| |||| 00| 0 tur d</controlfield>
  <datafield tag="020" ind1=" " ind2=" ">
    <subfield code="a">9786059823319</subfield>
  </datafield>
  <datafield tag="040" ind1=" " ind2=" ">
    <subfield code="a">TR-AnABB</subfield>
    <subfield code="b">tur</subfield>
    <subfield code="c">TR-AnABB</subfield>
  </datafield>
  <datafield tag="041" ind1=" " ind2=" ">
    <subfield code="a">tur</subfield>
  </datafield>
  <datafield tag="082" ind1=" " ind2=" ">
    <subfield code="a">351.007</subfield>
    <subfield code="b">WIL 2018</subfield>
  </datafield>
  <datafield tag="100" ind1="1" ind2=" ">
    <subfield code="a">Wilson, Woodrow</subfield>
  </datafield>
  <datafield tag="245" ind1="1" ind2="0">
    <subfield code="a">&#x130;darenin incelemesi : </subfield>
    <subfield code="b">&#x15F;erhli &#xE7;eviri /</subfield>
    <subfield code="c">Woodrow Wilson ; &#xE7;eviren: Nur &#x15E;at</subfield>
  </datafield>
  <datafield tag="246" ind1=" " ind2=" ">
    <subfield code="a">&#x15E;erhli &#xE7;eviri</subfield>
  </datafield>
  <datafield tag="260" ind1=" " ind2=" ">
    <subfield code="a">Ankara : </subfield>
    <subfield code="b">Liberte,</subfield>
    <subfield code="c">2018</subfield>
  </datafield>
  <datafield tag="300" ind1=" " ind2=" ">
    <subfield code="a">111 sayfa ; </subfield>
    <subfield code="c">18 cm</subfield>
  </datafield>
  <datafield tag="500" ind1=" " ind2=" ">
    <subfield code="a">&#xC7;evirmen imzal&#x131;</subfield>
  </datafield>
  <datafield tag="500" ind1=" " ind2=" ">
    <subfield code="a">Nur &#x15E;at 2008 y&#x131;l&#x131;nda Marmara &#xDC;niversitesi Sosyal Bilimler Enstit&#xFC;s&#xFC;'nde dan&#x131;&#x15F;manl&#x131;&#x11F;&#x131;n&#x131; Prof. Dr. Ru&#x15F;en Kele&#x15F;'in yapt&#x131;&#x11F;&#x131; "e-demokrasi ve e-belediye &#x130;li&#x15F;kisi" &#xFC;zerine yapt&#x131;&#x11F;&#x131; tez ile bilim k&#xFC;ltesi Siyaset Bilimi ve Kamu Y&#xF6;netimi B&#xF6;l&#xFC;m&#xFC;'nde Dr. &#xFC;nvan&#x131;yla &#xF6;&#x11F;retim &#xFC;yesi olarak &#xE7;al&#x131;&#x15F;maktad&#x131;r. </subfield>
  </datafield>
  <datafield tag="650" ind1="0" ind2="4">
    <subfield code="a">Y&#xF6;netim bilimi</subfield>
  </datafield>
  <datafield tag="700" ind1="1" ind2=" ">
    <subfield code="a">&#x15E;at, Nur,</subfield>
    <subfield code="e">&#xE7;eviri</subfield>
    <subfield code="9">3144</subfield>
  </datafield>
  <datafield tag="942" ind1=" " ind2=" ">
    <subfield code="2">ddc</subfield>
    <subfield code="c">BK</subfield>
  </datafield>
  <datafield tag="952" ind1=" " ind2=" ">
    <subfield code="0">0</subfield>
    <subfield code="1">0</subfield>
    <subfield code="2">ddc</subfield>
    <subfield code="7">0</subfield>
    <subfield code="a">RUK</subfield>
    <subfield code="b">RUK</subfield>
    <subfield code="d">2026-03-25</subfield>
    <subfield code="l">0</subfield>
    <subfield code="o">351.007 WIL 2018</subfield>
    <subfield code="p">RK1063</subfield>
    <subfield code="r">2026-03-25 13:29:19</subfield>
    <subfield code="w">2026-03-25</subfield>
    <subfield code="y">BK</subfield>
  </datafield>
  <datafield tag="999" ind1=" " ind2=" ">
    <subfield code="c">10046</subfield>
    <subfield code="d">10046</subfield>
  </datafield>
  <datafield tag="900" ind1=" " ind2=" ">
    <subfield code="b">Can &#xC7;ELIK</subfield>
  </datafield>
</record>
